000 00622nam a22001817a 4500
999 _c187538
_d187538
005 20220422130853.0
010 _aENG-132355
020 _a9789389226225
_c150.00
035 _aEN-115887
037 _bDBAD/PUB
082 _a624.023
100 _aRajendran, Kannan
245 _aCareer Opportunities in Civil Engineering:
_bA guide to Choose Your Job Profile in Civil Engineering/
_cKannan Rajendran
260 _aChennai
_bCoral
_c2019
270 _aNo.8,6th Cross, 8th Main Road, Vaishnavi Nagar, Thriumullaivoyal
_bChennai
_e600109
300 _a168p.
_c22cm(pbk)
942 _2ddc
_cEN
_h624.023
_mRAJ